[Event "Barcelona Sant Marti op-A 22nd"]
[Site "Barcelona"]
[Date "2022.07.18"]
[Round "6"]
[White "Milovs, Daniels"]
[Black "Dembele, Marcel"]
[Result "1-0"]
[WhiteElo "1926"]
[BlackElo "1691"]
[PlyCount "73"]
[EventDate "2022.07.13"]
[EventType "swiss"]
[EventRounds "9"]
[EventCountry "ESP"]
[SourceTitle "CBM 209 Extra"]
[Source "ChessBase"]
[SourceDate "2022.09.30"]
[SourceVersion "1"]
[SourceVersionDate "2022.09.30"]
[SourceQuality "1"]

1. e4 c5 2. Nf3 e6 3. d4 cxd4 4. Nxd4 Nf6 5. Nc3 d6 6. Be2 a6 7. a4 Nc6 8. Be3 Be7 9. 0-0 0-0 10. Nb3 b6 11. f4 Qc7 12. Bf3 Bb7 13. Qe2 Rfe8 14. Rad1 Bf8 15. g4 Nd7 16. h4 g6 17. Kg2 Rad8 18. h5 Bg7 19. g5 Nb4 20. hxg6 hxg6 21. Rh1 d5 22. e5 Nc5 23. a5 Nd7 24. axb6 Nxb6 25. Bc5 Nc6 26. Rh3 d4 27. Bxb6 Qxb6 28. Ne4 d3 29. Rxd3 Rxd3 30. Qxd3 Rd8 31. Qc3 Nb4 32. Nf6+ Bxf6 33. gxf6 Rc8 34. Qd4 Rxc2+ 35. Kg3 Qc7 36. Qxb4 Bxf3 37. Qf8+ 1-0

[Event "Barcelona Sant Marti op-A 22nd"]
[Site "Barcelona"]
[Date "2022.07.17"]
[Round "5"]
[White "Dahale, Atul"]
[Black "Milovs, Daniels"]
[Result "1-0"]
[WhiteElo "2162"]
[BlackElo "1926"]
[PlyCount "59"]
[EventDate "2022.07.13"]
[EventType "swiss"]
[EventRounds "9"]
[EventCountry "ESP"]
[SourceTitle "CBM 209 Extra"]
[Source "ChessBase"]
[SourceDate "2022.09.30"]
[SourceVersion "1"]
[SourceVersionDate "2022.09.30"]
[SourceQuality "1"]

1. d4 Nf6 2. c4 g6 3. Nc3 d5 4. Nf3 Bg7 5. Qb3 dxc4 6. Qxc4 0-0 7. e4 a6 8. a4 b5 9. Qb3 Nc6 10. axb5 Nxd4 11. Nxd4 Qxd4 12. Be3 Qe5 13. Be2 Ng4 14. Bxg4 Bxg4 15. Rxa6 Rxa6 16. bxa6 Qd6 17. 0-0 Qxa6 18. Nd5 Be6 19. Nxe7+ Kh8 20. Qb4 Rd8 21. h3 Qc4 22. Qxc4 Bxc4 23. Rc1 Bd3 24. e5 Re8 25. Nc6 f6 26. f4 Be4 27. Bd4 Re6 28. Nd8 Re8 29. Nf7+ Kg8 30. Rxc7 1-0

[Event "Barcelona Sant Marti op-A 22nd"]
[Site "Barcelona"]
[Date "2022.07.16"]
[Round "4"]
[White "Milovs, Daniels"]
[Black "Boers, Matthieu"]
[Result "1-0"]
[WhiteElo "1926"]
[BlackElo "1497"]
[PlyCount "55"]
[EventDate "2022.07.13"]
[EventType "swiss"]
[EventRounds "9"]
[EventCountry "ESP"]
[SourceTitle "CBM 209 Extra"]
[Source "ChessBase"]
[SourceDate "2022.09.30"]
[SourceVersion "1"]
[SourceVersionDate "2022.09.30"]
[SourceQuality "1"]

1. e4 e6 2. d4 d5 3. Nc3 Bb4 4. e5 Ne7 5. a3 Bxc3+ 6. bxc3 c5 7. Qg4 Qc7 8. Qxg7 Rg8 9. Qxh7 cxd4 10. Ne2 dxc3 11. f4 Bd7 12. Qd3 Nbc6 13. Qxc3 0-0-0 14. Rg1 Kb8 15. g4 Rc8 16. Be3 Qa5 17. Qxa5 Nxa5 18. Nd4 Ba4 19. Bd3 Rh8 20. Rg2 Rh3 21. Kf2 Nc4 22. Bc1 Nc6 23. Nf3 Rg8 24. Rg3 Rhh8 25. h4 Ne7 26. h5 d4 27. Bxc4 Bxc2 28. Nxd4 1-0

[Event "Barcelona Sant Marti op-A 22nd"]
[Site "Barcelona"]
[Date "2022.07.14"]
[Round "2"]
[White "Milovs, Daniels"]
[Black "Campillo Lopez, Ricardo Bienavent"]
[Result "1-0"]
[WhiteElo "1926"]
[BlackElo "1614"]
[PlyCount "95"]
[EventDate "2022.07.13"]
[EventType "swiss"]
[EventRounds "9"]
[EventCountry "ESP"]
[SourceTitle "CBM 209 Extra"]
[Source "ChessBase"]
[SourceDate "2022.09.30"]
[SourceVersion "1"]
[SourceVersionDate "2022.09.30"]
[SourceQuality "1"]

1. e4 c5 2. Nf3 e6 3. d4 cxd4 4. Nxd4 Nc6 5. Nb5 d6 6. c4 Nf6 7. N1c3 a6 8. Na3 Qa5 9. Bd2 Be7 10. Nc2 0-0 11. Be2 Bd7 12. 0-0 Qc7 13. b3 Rac8 14. Rc1 Rfd8 15. Be3 Ne5 16. f4 Ng6 17. Nd4 Bf8 18. g3 Ne7 19. Bf3 Nc6 20. Nde2 Ne7 21. Qe1 Bc6 22. Qf2 Qb8 23. Ba7 Qa8 24. Bb6 Re8 25. a4 Nd7 26. Be3 Nc5 27. Rb1 b6 28. Qg2 Qb8 29. Rfd1 Qc7 30. h4 g6 31. h5 Qb7 32. Nd4 Qb8 33. Nxc6 Nxc6 34. b4 Nd7 35. Kf2 Be7 36. e5 Na7 37. exd6 Bf6 38. c5 Bxc3 39. c6 Nxc6 40. Bxc6 Red8 41. b5 axb5 42. axb5 Qa7 43. Kg1 Nf6 44. Qc2 Ba5 45. hxg6 fxg6 46. Bd4 Nd5 47. Qe4 Re8 48. d7 1-0

[Event "Ceske Budejovice op-A"]
[Site "Ceske Budejovice"]
[Date "2022.07.05"]
[Round "5"]
[White "Petirova, Iva"]
[Black "Milovs, Daniels"]
[Result "0-1"]
[WhiteElo "1722"]
[BlackElo "1926"]
[PlyCount "62"]
[EventDate "2022.07.01"]
[EventType "swiss"]
[EventRounds "9"]
[EventCountry "CZE"]
[SourceTitle "CBM 209 Extra"]
[Source "ChessBase"]
[SourceDate "2022.09.30"]
[SourceVersion "1"]
[SourceVersionDate "2022.09.30"]
[SourceQuality "1"]

1. e4 e6 2. d4 d5 3. Nd2 Nf6 4. e5 Nfd7 5. f4 c5 6. c3 Nc6 7. Ndf3 Qb6 8. a3 a5 9. b3 Be7 10. h4 f6 11. Be3 0-0 12. Bd3 cxd4 13. cxd4 Bxa3 14. Qc2 f5 15. Nh3 Nb4 16. Qd1 Nxd3+ 17. Qxd3 Be7 18. Kf2 h5 19. Nhg5 Rd8 20. Ra2 Nf8 21. Rc1 Bd7 22. Bd2 Rdc8 23. Rxc8 Bxc8 24. Ke3 Bd7 25. Ne1 a4 26. Rb2 Rc8 27. Qb1 a3 28. Ra2 Ba4 29. Nc2 Qxb3+ 30. Qxb3 Bxb3 31. Rxa3 Bxc2 0-1

[Event "Ceske Budejovice op-A"]
[Site "Ceske Budejovice"]
[Date "2022.07.03"]
[Round "3"]
[White "Johannsson, Birkir Isak"]
[Black "Milovs, Daniels"]
[Result "1-0"]
[WhiteElo "2131"]
[BlackElo "1926"]
[PlyCount "115"]
[EventDate "2022.07.01"]
[EventType "swiss"]
[EventRounds "9"]
[EventCountry "CZE"]
[SourceTitle "CBM 209 Extra"]
[Source "ChessBase"]
[SourceDate "2022.09.30"]
[SourceVersion "1"]
[SourceVersionDate "2022.09.30"]
[SourceQuality "1"]

1. Nf3 Nf6 2. g3 g6 3. b3 Bg7 4. Bb2 d6 5. d4 0-0 6. Bg2 Nc6 7. 0-0 e5 8. dxe5 Nd7 9. Qc1 dxe5 10. Rd1 Re8 11. e4 Qf6 12. Qe3 Bf8 13. Nc3 Bc5 14. Qe2 Bb6 15. Nd5 Qg7 16. a4 Nf6 17. Nxb6 axb6 18. h3 h6 19. Rd2 Nd7 20. Rad1 Nc5 21. Qe3 Be6 22. Ba3 Na6 23. Qc3 f6 24. Bf1 Nab8 25. Kh2 Qf7 26. Bb5 Kg7 27. Nh4 Rh8 28. Nf3 Na7 29. Bb2 Nxb5 30. axb5 Rc8 31. Rd8 Qe7 32. Rxc8 Bxc8 33. Ne1 c5 34. bxc6 Nxc6 35. Qe3 Qc5 36. Qxc5 bxc5 37. Rd5 Ra2 38. Nd3 Nb4 39. Nxb4 cxb4 40. Rc5 Rxb2 41. Rxc8 f5 42. exf5 gxf5 43. Kg2 e4 44. g4 fxg4 45. hxg4 Kf6 46. Kg3 Ke5 47. Rc4 Kd5 48. Kf4 b5 49. Rxb4 Rxc2 50. Rxb5+ Kc6 51. Rf5 Rxf2+ 52. Kxe4 Re2+ 53. Kf4 Re6 54. b4 Kb6 55. Kg3 Kc6 56. Kh4 Kb6 57. Kh5 Kc6 58. Rc5+ 1-0

[Event "Budapes FS06 Nadassy"]
[Site "Budapest"]
[Date "2022.06.04"]
[Round "1"]
[White "Poor, Sandor"]
[Black "Milovs, Daniels"]
[Result "1-0"]
[WhiteElo "1957"]
[BlackElo "1946"]
[PlyCount "81"]
[EventDate "2022.06.04"]
[EventType "schev"]
[EventRounds "9"]
[EventCountry "HUN"]
[SourceTitle "EXT 2023"]
[Source "ChessBase"]
[SourceDate "2022.10.05"]
[SourceVersion "1"]
[SourceVersionDate "2022.10.05"]
[SourceQuality "1"]
[WhiteTeam "Team Higher Elo"]
[BlackTeam "Team Lower Elo"]
[WhiteTeamCountry "HUN"]
[BlackTeamCountry "HUN"]

1. d4 Nf6 2. c4 g6 3. Nc3 Bg7 4. e4 d6 5. Be2 0-0 6. Be3 e5 7. d5 a5 8. h3 c6 9. Nf3 Na6 10. 0-0 Nc5 11. Bxc5 dxc5 12. Qc2 Nh5 13. Rfd1 Qe7 14. Na4 Rd8 15. Nb6 Rb8 16. Nxc8 Rbxc8 17. g3 cxd5 18. cxd5 c4 19. a4 Bh6 20. Kg2 Qb4 21. Ra3 Nf6 22. Rc3 Nd7 23. Bxc4 Nc5 24. d6 Qxa4 25. b3 Qe8 26. Bxf7+ Qxf7 27. Rxc5 Rxc5 28. Qxc5 Qxb3 29. Qxa5 b6 30. Qd5+ Qxd5 31. Rxd5 Bg7 32. Nxe5 Bxe5 33. Rxe5 Rxd6 34. Re7 Rd3 35. h4 b5 36. Rb7 Rb3 37. g4 Rb1 38. Kg3 b4 39. Kf4 b3 40. Kg5 Re1 41. Kf6 1-0

[Event "Budapest Vezerkepzo FM 04"]
[Site "Budapest"]
[Date "2022.05.01"]
[Round "6"]
[White "Turzo, Attila"]
[Black "Milovs, Daniels"]
[Result "1-0"]
[WhiteElo "2338"]
[BlackElo "1905"]
[PlyCount "35"]
[EventDate "2022.04.26"]
[EventType "schev"]
[EventRounds "9"]
[EventCountry "HUN"]
[SourceTitle "CBM 208 Extra"]
[Source "ChessBase"]
[SourceDate "2022.07.31"]
[SourceVersion "1"]
[SourceVersionDate "2022.07.31"]
[SourceQuality "1"]
[WhiteTeam "Old Generation"]
[BlackTeam "Young generation"]
[WhiteTeamCountry "HUN"]
[BlackTeamCountry "IND"]

1. d4 Nf6 2. c4 g6 3. Nc3 Bg7 4. e4 d6 5. Nf3 0-0 6. Be2 e5 7. Be3 Ng4 8. Bg5 Qe8 9. 0-0 exd4 10. Nxd4 Nxh2 11. Re1 Qe5 12. Be3 Ng4 13. Bxg4 Bxg4 14. Qxg4 f5 15. exf5 gxf5 16. Qh3 f4 17. Ne6 fxe3 18. Rxe3 1-0

[Event "Budapest Vezerkepzo FM 04"]
[Site "Budapest"]
[Date "2022.04.28"]
[Round "3"]
[White "Milovs, Daniels"]
[Black "Turzo, Attila"]
[Result "0-1"]
[WhiteElo "1905"]
[BlackElo "2338"]
[PlyCount "110"]
[EventDate "2022.04.26"]
[EventType "schev"]
[EventRounds "9"]
[EventCountry "HUN"]
[SourceTitle "CBM 208 Extra"]
[Source "ChessBase"]
[SourceDate "2022.07.31"]
[SourceVersion "1"]
[SourceVersionDate "2022.07.31"]
[SourceQuality "1"]
[WhiteTeam "Young generation"]
[BlackTeam "Old Generation"]
[WhiteTeamCountry "IND"]
[BlackTeamCountry "HUN"]

1. e4 c6 2. d4 d5 3. exd5 cxd5 4. Bd3 Nc6 5. c3 Nf6 6. Bf4 Bg4 7. Qb3 Qd7 8. Nd2 e6 9. Ngf3 Bd6 10. Bxd6 Qxd6 11. 0-0 0-0 12. Rae1 Nd7 13. Qc2 g6 14. Re3 Rac8 15. Qb1 e5 16. dxe5 Ndxe5 17. Nxe5 Nxe5 18. Rfe1 Nc6 19. h3 Bd7 20. Nf3 d4 21. Nxd4 Nxd4 22. cxd4 Qxd4 23. Rd1 Qa4 24. b3 Qc6 25. Re7 Rcd8 26. Be4 Qc8 27. Rc1 Qb8 28. Rd1 Bc8 29. Qc1 Rxd1+ 30. Qxd1 Qf4 31. Bd5 Bxh3 32. Qf3 Qc1+ 33. Kh2 Be6 34. Rxb7 Qh6+ 35. Kg1 Rc8 36. Bc4 Bxc4 37. bxc4 Qc1+ 38. Kh2 Qxc4 39. Rxa7 Rc5 40. g4 h5 41. Qf6 Qd5 42. Re7 Rc8 43. Re5 Qa8 44. gxh5 Rc1 45. hxg6 Qh1+ 46. Kg3 Rg1+ 47. Kf4 Qh6+ 48. Ke4 Re1+ 49. Kd5 Qd2+ 50. Kc6 Qc3+ 51. Kd5 Rd1+ 52. Ke4 Rd4+ 53. Kf5 Qh3+ 54. Kg5 Qh4+ 55. Kf5 Qf4# 0-1

[Event "Budapest Vezerkepzo FM 04"]
[Site "Budapest"]
[Date "2022.04.26"]
[Round "1"]
[White "Milovs, Daniels"]
[Black "Torok, Tamas Titusz"]
[Result "0-1"]
[WhiteElo "1905"]
[BlackElo "2008"]
[PlyCount "42"]
[EventDate "2022.04.26"]
[EventType "schev"]
[EventRounds "9"]
[EventCountry "HUN"]
[SourceTitle "CBM 208 Extra"]
[Source "ChessBase"]
[SourceDate "2022.07.31"]
[SourceVersion "1"]
[SourceVersionDate "2022.07.31"]
[SourceQuality "1"]
[WhiteTeam "Young generation"]
[BlackTeam "Old Generation"]
[WhiteTeamCountry "IND"]
[BlackTeamCountry "HUN"]

1. e4 e5 2. Nc3 Nf6 3. f4 d5 4. fxe5 Nxe4 5. Qf3 f5 6. d3 Nxc3 7. bxc3 d4 8. Qg3 Nc6 9. Be2 g6 10. h4 Be6 11. h5 Rg8 12. hxg6 hxg6 13. Rh7 Be7 14. Nf3 dxc3 15. Be3 Bd5 16. Kf2 Qd7 17. Rah1 0-0-0 18. R1h6 Qe6 19. Ng5 Bxg5 20. Bxg5 Rde8 21. Bf6 Nxe5 0-1

[Event "Reinstorf op"]
[Site "Reinstorf"]
[Date "2022.02.01"]
[Round "4"]
[White "Kaeding, Rainer"]
[Black "Milovs, Daniels"]
[Result "1/2-1/2"]
[WhiteElo "2092"]
[BlackElo "1864"]
[PlyCount "54"]
[EventDate "2022.01.29"]
[EventType "swiss"]
[EventRounds "9"]
[EventCountry "GER"]
[SourceTitle "CBM 206 Extra"]
[Source "ChessBase"]
[SourceDate "2022.03.31"]
[SourceVersion "1"]
[SourceVersionDate "2022.03.31"]
[SourceQuality "1"]

1. d4 Nf6 2. g3 c5 3. c3 d5 4. Bg2 e6 5. Nf3 Be7 6. 0-0 b6 7. Nbd2 Bb7 8. e3 0-0 9. dxc5 bxc5 10. c4 Nc6 11. Qe2 Qc7 12. Rd1 Rfd8 13. b3 a5 14. Bb2 a4 15. Ne1 axb3 16. axb3 Nb4 17. Nd3 Rxa1 18. Bxa1 Nxd3 19. Qxd3 dxc4 20. Qxc4 Bxg2 21. Kxg2 Qc6+ 22. f3 Nd5 23. Kf2 Ra8 24. e4 Nb4 25. Bc3 Qb6 26. Nf1 Ra2+ 27. Rd2 Qa7 1/2-1/2

[Event "Lugano op 10"]
[Site "Lugano"]
[Date "2021.10.31"]
[Round "3"]
[White "Perathoner, Manuel"]
[Black "Milovs, Daniels"]
[Result "1/2-1/2"]
[WhiteElo "1499"]
[BlackElo "1789"]
[PlyCount "101"]
[EventDate "2021.10.29"]
[EventType "swiss"]
[EventRounds "5"]
[EventCountry "SUI"]
[SourceTitle "CBM 205 Extra"]
[Source "ChessBase"]
[SourceDate "2022.01.31"]
[SourceVersion "1"]
[SourceVersionDate "2022.01.31"]
[SourceQuality "1"]

1. d4 Nf6 2. e3 g6 3. f4 Bg7 4. Nf3 d6 5. Bc4 0-0 6. 0-0 Nbd7 7. Qe1 Qe8 8. e4 e5 9. dxe5 dxe5 10. f5 Nb6 11. Bb3 gxf5 12. exf5 Bxf5 13. Nxe5 Be6 14. Nc3 Bxb3 15. axb3 Nfd5 16. Nxd5 Nxd5 17. Nd3 Qxe1 18. Rxe1 Rfe8 19. Rxe8+ Rxe8 20. Kf1 Bd4 21. c3 Bb6 22. Bh6 Re6 23. Bd2 Nf6 24. Nf4 Rd6 25. Ke2 a6 26. h3 Ne4 27. Be3 Bxe3 28. Kxe3 Nc5 29. b4 Nb3 30. Re1 Rd2 31. Re2 Rd8 32. Kf3 Kf8 33. Kg4 Nc1 34. Re1 Nd3 35. Nxd3 Rxd3 36. Re2 Kg7 37. Rf2 Rd1 38. g3 Rb1 39. Re2 Kf6 40. h4 h6 41. Kh5 Kg7 42. g4 c6 43. Re7 Rxb2 44. Rxb7 a5 45. Rb6 axb4 46. cxb4 Rc2 47. b5 Rc5+ 48. g5 Rxb5 49. Rxc6 hxg5 50. hxg5 Rb1 51. Ra6 1/2-1/2

[Event "Panevezys Kveinys Memorial op"]
[Site "Panevezys"]
[Date "2021.07.31"]
[Round "3"]
[White "Sedykh, Stakhey"]
[Black "Milovs, Daniels"]
[Result "1/2-1/2"]
[WhiteElo "1418"]
[BlackElo "1743"]
[PlyCount "76"]
[EventDate "2021.07.30"]
[EventType "swiss"]
[EventRounds "9"]
[EventCountry "LTU"]
[SourceTitle "EXT 2022"]
[Source "ChessBase"]
[SourceDate "2021.10.06"]
[SourceVersion "1"]
[SourceVersionDate "2021.10.06"]
[SourceQuality "1"]

1. e4 e6 2. d4 d5 3. Nd2 Nf6 4. e5 Nfd7 5. Bd3 c5 6. c3 Nc6 7. Ne2 cxd4 8. cxd4 Qb6 9. Nf3 f6 10. exf6 Nxf6 11. 0-0 Bd6 12. b3 0-0 13. Bf4 Bxf4 14. Nxf4 Ne4 15. Ne2 Rxf3 16. gxf3 Ng5 17. f4 Nf3+ 18. Kg2 Nh4+ 19. Kh1 Qc7 20. Qd2 e5 21. f3 Bh3 22. Rf2 Rf8 23. Ng1 Be6 24. fxe5 Qb6 25. Rd1 Kh8 26. Bb1 Bf5 27. Bxf5 Nxf5 28. Ne2 Nxe5 29. Qf4 Ng6 30. Qd2 Re8 31. Ng3 Nfh4 32. Re2 Rf8 33. f4 h6 34. Rf1 Nf5 35. Nxf5 Rxf5 36. Ref2 Qf6 37. Qe3 Kh7 38. Qd2 Kh8 1/2-1/2

[Event "Ceske Budejovice op"]
[Site "Ceske Budejovice"]
[Date "2021.07.09"]
[Round "9"]
[White "Milovs, Daniels"]
[Black "Zeleny, Tomas1111"]
[Result "1/2-1/2"]
[WhiteElo "1743"]
[BlackElo "1917"]
[PlyCount "69"]
[EventDate "2021.07.01"]
[EventType "swiss"]
[EventRounds "9"]
[EventCountry "CZE"]
[SourceTitle "CBM 203 Extra"]
[Source "ChessBase"]
[SourceDate "2021.09.30"]
[SourceVersion "1"]
[SourceVersionDate "2021.09.30"]
[SourceQuality "1"]

1. e4 c5 2. Be2 Nc6 3. f4 e6 4. Nf3 Nge7 5. c3 d5 6. d3 b6 7. 0-0 g6 8. Na3 Bg7 9. e5 h5 10. g3 Nf5 11. d4 Bf8 12. Nc2 Be7 13. Be3 Kf8 14. Bf2 Kg7 15. Kg2 Bb7 16. h3 cxd4 17. cxd4 Rc8 18. Rc1 Na5 19. b3 Rc3 20. Qd2 Rc7 21. Ne3 Nxe3+ 22. Bxe3 Ba3 23. Rxc7 Qxc7 24. g4 hxg4 25. hxg4 Bc8 26. Bd3 Nb7 27. Ng5 f6 28. exf6+ Kxf6 29. Bf2 Kg7 30. Bg3 Bd6 31. Qe3 Qe7 32. Re1 Nd8 33. Nf3 Nf7 34. Ne5 Bxe5 35. dxe5 1/2-1/2

[Event "Riga op"]
[Site "Riga"]
[Date "2020.08.29"]
[Round "7"]
[White "Melderis, Uldis"]
[Black "Milovs, Daniels"]
[Result "1-0"]
[WhiteElo "1889"]
[BlackElo "1592"]
[PlyCount "91"]
[EventDate "2020.08.24"]
[EventType "swiss"]
[EventRounds "9"]
[EventCountry "LAT"]
[SourceTitle "CBM 198 Extra"]
[Source "ChessBase"]
[SourceDate "2020.11.30"]
[SourceVersion "1"]
[SourceVersionDate "2020.11.30"]
[SourceQuality "1"]

1. d4 Nf6 2. Nf3 g6 3. c4 Bg7 4. Nc3 d6 5. g3 0-0 6. Bg2 Nc6 7. 0-0 a6 8. e4 Bg4 9. Be3 Nd7 10. Qd2 Bxf3 11. Bxf3 e5 12. dxe5 dxe5 13. Bg5 Nd4 14. Kg2 Nf6 15. c5 Ne6 16. Qxd8 Raxd8 17. Bxf6 Bxf6 18. Nd5 Bg7 19. c6 bxc6 20. Ne7+ Kh8 21. Nxc6 Rd2 22. b3 Nd4 23. Nb4 f5 24. Rad1 Nxf3 25. Kxf3 fxe4+ 26. Kxe4 Re2+ 27. Kd3 Rexf2 28. Rxf2 Rxf2 29. Ke3 Rf8 30. Nxa6 Ra8 31. Nxc7 Bh6+ 32. Ke4 Rxa2 33. Ne6 Kg8 34. Kxe5 Rxh2 35. Rb1 Kf7 36. Nc5 Rh5+ 37. Kd4 Be3+ 38. Kxe3 Rxc5 39. b4 Rc8 40. b5 Ke6 41. Kf4 h6 42. b6 Rb8 43. b7 Kf6 44. Rb6+ Kf7 45. Ke5 Ke7 46. Rxg6 1-0

[Event "Riga op"]
[Site "Riga"]
[Date "2020.08.26"]
[Round "4"]
[White "Raag, Ardi"]
[Black "Milovs, Daniels"]
[Result "1-0"]
[WhiteElo "1724"]
[BlackElo "1592"]
[PlyCount "65"]
[EventDate "2020.08.24"]
[EventType "swiss"]
[EventRounds "9"]
[EventCountry "LAT"]
[SourceTitle "CBM 198 Extra"]
[Source "ChessBase"]
[SourceDate "2020.11.30"]
[SourceVersion "1"]
[SourceVersionDate "2020.11.30"]
[SourceQuality "1"]

1. e4 e6 2. d4 d5 3. e5 c5 4. c3 Nc6 5. Nf3 Qb6 6. Be2 cxd4 7. cxd4 Nge7 8. Na3 Nf5 9. Nc2 Bb4+ 10. Kf1 Be7 11. b3 Bd7 12. g3 Rc8 13. Bd3 Ncxd4 14. Nfxd4 Nxd4 15. Be3 Bc5 16. b4 Bxb4 17. Bxd4 Bc5 18. Bxc5 Rxc5 19. Kg2 0-0 20. Qe2 f6 21. exf6 Rxf6 22. Rhc1 e5 23. Qd2 Rc8 24. Ne3 Rcf8 25. Rf1 Qe6 26. Kg1 Qh3 27. Nxd5 Rh6 28. f3 Qh5 29. Be4 Kh8 30. Rac1 Bf5 31. g4 Qg6 32. Bxf5 Rxf5 33. Ne7 1-0

[Event "Klaipeda Sea op-A 17th"]
[Site "Klaipeda"]
[Date "2020.07.20"]
[Round "1"]
[White "Milovs, Daniels"]
[Black "Vardanyan, Aras"]
[Result "0-1"]
[WhiteElo "1592"]
[BlackElo "2163"]
[PlyCount "54"]
[EventDate "2020.07.20"]
[EventType "swiss"]
[EventRounds "7"]
[EventCountry "LTU"]
[SourceTitle "CBM 197 Extra"]
[Source "ChessBase"]
[SourceDate "2020.09.30"]
[SourceVersion "1"]
[SourceVersionDate "2020.09.30"]
[SourceQuality "1"]

1. e4 c5 2. Be2 g6 3. f4 Bg7 4. c3 Nc6 5. Nf3 Nf6 6. d3 c4 7. e5 cxd3 8. Bxd3 Ng4 9. h3 Nh6 10. 0-0 0-0 11. Be3 d6 12. exd6 Qxd6 13. Na3 Rd8 14. Bc2 Qc7 15. Qe2 Bf5 16. Rad1 Bxc2 17. Nxc2 Nf5 18. Qf2 e5 19. fxe5 Nxe5 20. Bf4 Nxf3+ 21. Qxf3 Qb6+ 22. Ne3 Rxd1 23. Rxd1 Re8 24. Re1 Qxb2 25. Re2 Qb5 26. c4 Qc5 27. Kh2 Nd4 0-1

[Event "Panevezys op-A"]
[Site "Panevezys"]
[Date "2019.06.30"]
[Round "9"]
[White "Aleksandravicius, Darius"]
[Black "Milovs, Daniels"]
[Result "1-0"]
[WhiteElo "1668"]
[BlackElo "1337"]
[PlyCount "93"]
[EventDate "2019.06.24"]
[EventType "swiss"]
[EventRounds "9"]
[EventCountry "LTU"]
[SourceTitle "CBM 191 Extra"]
[Source "ChessBase"]
[SourceDate "2019.09.30"]
[SourceVersion "1"]
[SourceVersionDate "2019.09.30"]
[SourceQuality "1"]

1. Nf3 Nf6 2. c4 g6 3. Nc3 Bg7 4. e4 d6 5. d4 0-0 6. Be2 Na6 7. 0-0 e5 8. Be3 Re8 9. d5 Nc5 10. Qc2 a5 11. a3 a4 12. h3 Bd7 13. Nd2 Kh8 14. b4 axb3 15. Nxb3 b6 16. Nxc5 bxc5 17. a4 Rf8 18. Rfb1 Ne8 19. Qd2 f5 20. f3 f4 21. Bf2 Bf6 22. a5 Bh4 23. Qe1 Bxf2+ 24. Qxf2 g5 25. Bd1 Nf6 26. Qb2 h5 27. a6 g4 28. hxg4 hxg4 29. Kf2 Nh5 30. Ke2 gxf3+ 31. gxf3 Rg8 32. Kd3 Qh4 33. Be2 Ng3 34. a7 Qh2 35. Qd2 Qf2 36. Kc2 Kg7 37. Rb7 Rgc8 38. Bd1 Qf1 39. Qd3 Qf2+ 40. Kb3 Bh3 41. Nb5 Nf1 42. Nxd6 Nd2+ 43. Kc3 Nxe4+ 44. fxe4 Bf1 45. Qd2 Qg3+ 46. Kb2 Bxc4 47. Nf5+ 1-0

[Event "Panevezys op-A"]
[Site "Panevezys"]
[Date "2019.06.27"]
[Round "6"]
[White "Milovs, Daniels"]
[Black "Golsta, Madara"]
[Result "0-1"]
[WhiteElo "1337"]
[BlackElo "1912"]
[PlyCount "50"]
[EventDate "2019.06.24"]
[EventType "swiss"]
[EventRounds "9"]
[EventCountry "LTU"]
[SourceTitle "CBM 191 Extra"]
[Source "ChessBase"]
[SourceDate "2019.09.30"]
[SourceVersion "1"]
[SourceVersionDate "2019.09.30"]
[SourceQuality "1"]

1. e4 c5 2. Nf3 Nc6 3. d4 cxd4 4. Nxd4 Nf6 5. Nc3 g6 6. Be3 Bg7 7. Bc4 0-0 8. Bb3 a5 9. f3 d6 10. Qd2 Bd7 11. 0-0-0 Ne5 12. a3 Rc8 13. Kb1 Nc4 14. Bxc4 Rxc4 15. h4 b5 16. Ndxb5 Qb8 17. Nd4 Rfc8 18. Ka1 Be6 19. Rb1 Qc7 20. Nxe6 fxe6 21. h5 Nxh5 22. Rxh5 Rxc3 23. Rc1 Rxa3+ 24. Kb1 Qc4 25. bxa3 Rb8+ 0-1

[Event "Panevezys op-A"]
[Site "Panevezys"]
[Date "2019.06.26"]
[Round "5"]
[White "Vambute, Dana"]
[Black "Milovs, Daniels"]
[Result "0-1"]
[WhiteElo "1871"]
[BlackElo "1337"]
[PlyCount "98"]
[EventDate "2019.06.24"]
[EventType "swiss"]
[EventRounds "9"]
[EventCountry "LTU"]
[SourceTitle "CBM 191 Extra"]
[Source "ChessBase"]
[SourceDate "2019.09.30"]
[SourceVersion "1"]
[SourceVersionDate "2019.09.30"]
[SourceQuality "1"]

1. d4 Nf6 2. Bf4 g6 3. e3 Bg7 4. Nf3 d6 5. Be2 0-0 6. 0-0 c5 7. c3 Nc6 8. h3 Qb6 9. Qb3 Be6 10. Qxb6 axb6 11. a3 Na5 12. Nbd2 Rfc8 13. Ng5 Bd7 14. b4 Nc6 15. Nc4 h6 16. Nf3 Nd5 17. Bg3 b5 18. Na5 Nxa5 19. bxa5 Nxc3 20. Rfe1 Nxe2+ 21. Rxe2 c4 22. Ree1 Rxa5 23. Nd2 Rca8 24. Reb1 Rxa3 25. Rxa3 Rxa3 26. Kf1 Kf8 27. Ke1 Ke8 28. Kd1 Ra2 29. Kc1 Kd8 30. Bh4 g5 31. Bg3 Kc7 32. h4 b6 33. Rb4 Kb7 34. hxg5 hxg5 35. f3 Ka6 36. Be1 Be6 37. g4 d5 38. Nb1 Bd7 39. Nc3 Ra1+ 40. Nb1 Ra4 41. Rb2 e5 42. Bc3 exd4 43. Bxd4 Bxd4 44. exd4 Be6 45. Nc3 Ra3 46. Kd1 Rb3 47. Ra2+ Kb7 48. Kc2 b4 49. Nb5 Rxf3 0-1